Індивідуалізація процесу навчання читання англійською мовою на старшому етапі середньої школи (Запис № 283447)

МАРК-запис
000 -LEADER
fixed length control field 01934nam a22001577a 4500
041 ## - LANGUAGE CODE
Language code of text/sound track or separate title ukr
080 ## - UNIVERSAL DECIMAL CLASSIFICATION NUMBER
Universal Decimal Classification number 09
090 ## - LOCALLY ASSIGNED LC-TYPE CALL NUMBER (OCLC); LOCAL CALL NUMBER (OCLC)
Local cutter number (OCLC) ; Book number/undivided call number, CALL (RLIN) ГУС
100 ## - MAIN ENTRY--PERSONAL NAME
Personal name Гуславська Л.А.
245 ## - TITLE STATEMENT
Title Індивідуалізація процесу навчання читання англійською мовою на старшому етапі середньої школи
260 ## - PUBLICATION, DISTRIBUTION, ETC. (IMPRINT)
Place of publication, distribution, etc Острог
Name of publisher, distributor, etc КАФ
Date of publication, distribution, etc 2006
300 ## - PHYSICAL DESCRIPTION
Extent 64
520 ## - SUMMARY, ETC.
Summary, etc Розділ 1. Теоретичні аспекти навчання читання на старшому етапі середньої школи<br/>1.1. Лінгвопсихологічні аспекти навчання читання англійською мовою на старшому етапі середньї школи<br/>1.2. Індивідуально-психологічні особливості учнів у процесі навчання читання англійською мовою<br/>1.3. Методика вивчення індивідуально-психологічних особливостей учнів у процесі читання і виділення психологічних підгруп<br/>Розділ 2. Методика індивідуалізації навчання читання англійською мовою<br/>2.1. Комплекс вправ для реалізації регулюючої індивідуалізації<br/>2.2. Комплекс індивідуалізованих вправ для здійснення регулюючої індивідуалізації в типологічних підгрупах УЧд і УЧн<br/>2.3. Модель навчального процесу для здійснення індивідуалізації навчання читання на англійській мові
-- Лінгвістика, психологія, педагогіка
650 ## - SUBJECT ADDED ENTRY--TOPICAL TERM
Topical term or geographic name as entry element Research Papers
942 ## - ADDED ENTRY ELEMENTS (KOHA)
Koha item type Книги
Фонди
Withdrawn status Lost status Source of classification or shelving scheme Damaged status Not for loan Home library Current library Date acquired Source of acquisition Coded location qualifier Cost, normal purchase price Total Checkouts Full call number Barcode Date last seen Price effective from Koha item type
    Universal Decimal Classification     ВІЛ - Відділ іноземн. літератури НБ ВІЛ - Відділ іноземн. літератури НБ 29/01/2019 Ретроспекція В23 1.00   09 212260 15/12/2021 29/01/2019 Книги